[Event "5e Tournoi Estival"]
[Site "Sanary sur Mer"]
[Date "2013.08.27"]
[Round "1.1"]
[White "Moulin, Gerard"]
[Black "Petrossian, Armen"]
[Result "0-1"]
[WhiteElo "1615"]
[BlackElo "2393"]
[PlyCount "62"]
[EventDate "2013.08.27"]
[SourceDate "2013.08.27"]

1. c4 e5 2. Nc3 Nf6 3. Nf3 Nc6 4. g3 Bc5 5. Bg2 d6 6. O-O O-O 7. d3 h6 8. Nd5
Nxd5 9. cxd5 Nd4 10. Nxd4 Bxd4 11. Rb1 Bd7 12. Bd2 f5 13. e3 Bb6 14. Rc1 Qe8
15. Qb3 g5 16. Kh1 Qh5 17. Qd1 Qg6 18. f4 a5 19. a4 Rf7 20. fxe5 dxe5 21. b3
Raf8 22. Qe2 Qd6 23. Rc4 c6 24. dxc6 Bxc6 25. Bxc6 bxc6 26. Rcc1 Qd5+ 27. Kg1
f4 28. gxf4 gxf4 29. Qf3 fxe3 30. Qxd5 cxd5 31. Rxf7 exd2+ 0-1

[Event "5e Tournoi Estival"]
[Site "Sanary sur Mer"]
[Date "2013.08.27"]
[Round "1.2"]
[White "Bonnafous, Michel"]
[Black "Vincken Vasquez, Dimaryk"]
[Result "1-0"]
[WhiteElo "2069"]
[BlackElo "1600"]
[PlyCount "125"]
[EventDate "2013.08.27"]
[SourceDate "2013.08.27"]

1. e4 Nf6 2. d3 e5 3. Nf3 Nc6 4. Be2 d5 5. Nbd2 Bc5 6. O-O O-O 7. c3 dxe4 8.
dxe4 Bg4 9. b4 Bd6 10. Qc2 a6 11. Nc4 b5 12. Nxd6 Qxd6 13. Be3 Nd7 14. Rfd1 Qg6
15. a4 bxa4 16. Qxa4 Nb6 17. Qc2 Nc4 18. Bc5 Rfd8 19. Rxd8+ Nxd8 20. Qd3 Be6
21. Rxa6 Rc8 22. Rxe6 Nxe6 23. Qxc4 Nxc5 24. bxc5 Qf6 25. g3 h6 26. Qd5 Re8 27.
Kg2 Kh7 28. Bc4 Re6 29. h4 Qe7 30. Bb5 Qf6 31. Bd7 c6 32. Qb3 Re7 33. Qb7 Qe6
34. Bxe6 Rxb7 35. Bc4 f6 36. h5 Ra7 37. Be6 Ra5 38. Nh4 Rxc5 39. c4 Ra5 40. Nf5
Ra7 41. Nd6 Re7 42. Bf7 c5 43. Bd5 Rd7 44. Nb7 Rc7 45. f4 exf4 46. gxf4 g5 47.
hxg6+ Kxg6 48. Kg3 Kh5 49. Nd8 Kg6 50. Kg4 Ra7 51. Ne6 Ra5 52. Kh4 h5 53. f5+
Kh6 54. Bc6 Ra7 55. Bb5 Re7 56. Kg3 Kh7 57. Kf4 Kg8 58. Nxc5 Kf7 59. Ne6 Ra7
60. c5 Ra1 61. c6 Rc1 62. c7 Ke7 63. Ba6 1-0

[Event "5e Tournoi Estival"]
[Site "Sanary sur Mer"]
[Date "2013.08.27"]
[Round "1.3"]
[White "Bacrot, Alexandre"]
[Black "Clement, Olivier"]
[Result "1/2-1/2"]
[WhiteElo "1592"]
[BlackElo "2064"]
[PlyCount "79"]
[EventDate "2013.08.27"]
[SourceDate "2013.08.27"]

1. d4 Nf6 2. Nf3 c5 3. d5 e6 4. c4 exd5 5. cxd5 d6 6. Nc3 g6 7. Bg5 Bg7 8. e4
h6 9. Bh4 O-O 10. Be2 Re8 11. Qc2 Bg4 12. O-O Nbd7 13. h3 Bxf3 14. Bxf3 a6 15.
a4 Ne5 16. Be2 g5 17. Bg3 Ng6 18. f4 gxf4 19. Bxf4 Qe7 20. Bd3 Nxf4 21. Rxf4
Nd7 22. Raf1 Ne5 23. Qe2 Rf8 24. Nd1 Ng6 25. R4f3 Rae8 26. Bb1 Qe5 27. Kh1 Qh5
28. Qd2 Qg5 29. Qc2 Ne5 30. Rf5 Qg3 31. Nc3 Rb8 32. Ne2 Qe3 33. Nf4 b5 34. axb5
axb5 35. Nh5 c4 36. Nxg7 Kxg7 37. Qd1 Qg3 38. Rf6 Rbe8 39. Qh5 Ng6 40. Qf5
1/2-1/2

[Event "5e Tournoi Estival"]
[Site "Sanary sur Mer"]
[Date "2013.08.27"]
[Round "1.4"]
[White "Savalle, Alexandre"]
[Black "Salvi, MIchel"]
[Result "0-1"]
[WhiteElo "2016"]
[BlackElo "1583"]
[PlyCount "54"]
[EventDate "2013.08.27"]
[SourceDate "2013.08.27"]

1. e4 c5 2. Nf3 d6 3. d4 cxd4 4. Nxd4 Nf6 5. Nc3 e5 6. Ndb5 a6 7. Na3 Be6 8.
Bg5 Qb6 9. Rb1 Ng4 10. Qd2 h6 11. Bh4 Qb4 12. Be2 Nd7 13. f3 g5 14. Bg3 Ngf6
15. O-O Nh5 16. Be1 Nf4 17. g3 Qc5+ 18. Kh1 Nxe2 19. Qxe2 Nf6 20. Bf2 Qc6 21.
Nd1 d5 22. exd5 Bxd5 23. Qxe5+ Be7 24. Re1 O-O 25. Qxe7 Rfe8 26. Qb4 Bxf3+ 27.
Kg1 Bh1 0-1

[Event "5e Tournoi Estival"]
[Site "Sanary sur Mer"]
[Date "2013.08.27"]
[Round "1.5"]
[White "Catot, Olivier"]
[Black "Fayette, Sylvain"]
[Result "1-0"]
[WhiteElo "1557"]
[BlackElo "1976"]
[PlyCount "158"]
[EventDate "2013.08.27"]
[SourceDate "2013.08.27"]

1. d4 e6 2. Nf3 f5 3. e3 b6 4. Nbd2 Bb7 5. b3 Nf6 6. Bb2 a5 7. a3 Be7 8. Be2
O-O 9. O-O d6 10. Rc1 Ne4 11. c4 Bf6 12. Qc2 Nd7 13. Ne1 Qe7 14. Nd3 Rad8 15.
Nf4 g5 16. Nd3 Rf7 17. f3 Nxd2 18. Qxd2 c5 19. Nf2 d5 20. Qc2 cxd4 21. exd4 Rc8
22. Qd2 Rff8 23. Nd3 dxc4 24. bxc4 Qd6 25. Nf2 Bc6 26. Bd1 h6 27. Re1 Bd8 28.
a4 Bc7 29. g3 Rfe8 30. Qc3 e5 31. Bb3 Kh7 32. d5 Bb7 33. Re3 Bd8 34. Rce1 Bf6
35. Qd3 e4 36. fxe4 Bxb2 37. exf5 Nf6 38. Re6 Qc5 39. Kf1 Qd4 40. Qc2 Bxd5 41.
Rxe8 Rxe8 42. Rxe8 Bxc4+ 43. Bxc4 Nxe8 44. Bb5 Nf6 45. Qc7+ Kh8 46. Qc8+ Ng8
47. Qe6 Qf6 48. Qxf6+ Nxf6 49. Ke2 Bd4 50. h3 Bxf2 51. Kxf2 Ne4+ 52. Kg2 Kg7
53. g4 Kf6 54. Kf3 Ke5 55. Ke3 Nf6 56. Bc4 h5 57. Be2 hxg4 58. hxg4 Nd5+ 59.
Kd2 Kd4 60. Bd1 Nc3 61. Bc2 Nd5 62. Bd1 Nc7 63. Bb3 Ke5 64. Ke3 b5 65. axb5
Nxb5 66. Kd3 Nd6 67. Bd1 Ne4 68. Ke3 Nc5 69. Kd2 Kd4 70. Kc2 Nd3 71. Kd2 Ne5
72. Kc2 a4 73. Kb2 Nc4+ 74. Ka2 Ke5 75. Be2 Ne3 76. Ka3 Nd5 77. Bd1 Kf4 78. Be2
Kg3 79. Bd1 Kf4 1-0

[Event "5e Tournoi Estival"]
[Site "Sanary sur Mer"]
[Date "2013.08.27"]
[Round "2.1"]
[White "Petrossian, Armen"]
[Black "Lubrano, Bernard"]
[Result "1-0"]
[WhiteElo "2393"]
[BlackElo "1664"]
[PlyCount "51"]
[EventDate "2013.08.27"]
[SourceDate "2013.08.27"]

1. e4 e5 2. Nf3 Nc6 3. Bb5 Nf6 4. O-O a6 5. Bxc6 dxc6 6. Nxe5 Bd6 7. Nf3 Bg4 8.
Re1 Be7 9. h3 Bd7 10. d4 O-O 11. Nbd2 c5 12. d5 c6 13. d6 Bxd6 14. e5 Bxe5 15.
Nxe5 Be6 16. Nb3 Qe7 17. Bg5 Rad8 18. Qf3 h6 19. Bxf6 gxf6 20. Ng4 Kg7 21. Qe3
Rh8 22. Qxc5 Qc7 23. Qc3 Qf4 24. Re4 Qf5 25. Re3 Bd5 26. Nxf6 1-0

[Event "5e Tournoi Estival"]
[Site "Sanary sur Mer"]
[Date "2013.08.27"]
[Round "2.2"]
[White "Menardo, Philippe"]
[Black "Bonnafous, Michel"]
[Result "0-1"]
[WhiteElo "1671"]
[BlackElo "2069"]
[PlyCount "140"]
[EventDate "2013.08.27"]
[SourceDate "2013.08.27"]

1. d4 f5 2. g3 Nf6 3. Bg2 g6 4. Nf3 Bg7 5. O-O O-O 6. c3 e6 7. Nbd2 Nc6 8. Nc4
d6 9. Bg5 h6 10. Bxf6 Qxf6 11. e3 e5 12. dxe5 dxe5 13. Qc2 g5 14. Rad1 Be6 15.
Nfd2 Qf7 16. Qa4 Nd8 17. Na5 c6 18. Nab3 b6 19. Nb1 Rc8 20. Rd2 Qh5 21. Rfd1
Qf7 22. Na3 f4 23. exf4 gxf4 24. f3 fxg3 25. hxg3 Bf6 26. Nc2 Bg5 27. Re2 Qg7
28. g4 h5 29. gxh5 Rf4 30. Re4 Bf5 31. Rxf4 Bxf4 32. Qc4+ Kh8 33. Qe2 Qg5 34.
Ne1 Ne6 35. Nd2 Rg8 36. Ne4 Qxh5 37. Kf1 Qh6 38. Rd6 Rg6 39. Rxc6 Bh3 40. Rc8+
Kg7 41. Qb5 Bxg2+ 42. Ke2 Nf8 43. Qe8 Kg8 44. Nxg2 Rxg2+ 45. Kd3 Rg6 46. Rc7
Rd6+ 47. Kc4 Qe6+ 48. Qxe6+ Rxe6 49. Rxa7 Ng6 50. Kd5 Re7 51. Ra8+ Kf7 52. Nd6+
Kf6 53. Ne4+ Kf5 54. Nd6+ Kg5 55. Rg8 Kh5 56. Ke4 Bc1 57. Nf5 Rf7 58. b3 Ba3
59. Ng3+ Kg5 60. Ne2 Kf6 61. Rc8 Bc5 62. b4 Bf2 63. Rc6+ Kg7 64. a4 Ra7 65. a5
bxa5 66. bxa5 Rxa5 67. Rd6 Ra2 68. Kf5 Nh4+ 69. Kxe5 Rxe2+ 70. Kf4 Bg3+ 0-1

[Event "5e Tournoi Estival"]
[Site "Sanary sur Mer"]
[Date "2013.08.27"]
[Round "2.3"]
[White "Derige Kane, Yan"]
[Black "Banuls, Adrien"]
[Result "1-0"]
[WhiteElo "1646"]
[BlackElo "1929"]
[PlyCount "91"]
[EventDate "2013.08.27"]
[SourceDate "2013.08.27"]

1. d4 d5 2. c4 c6 3. Nc3 Nf6 4. cxd5 cxd5 5. Nf3 Nc6 6. Bf4 Bf5 7. e3 e6 8. Be2
Be7 9. O-O O-O 10. Rc1 Rc8 11. a3 Nh5 12. Bg3 Nxg3 13. hxg3 Na5 14. Nd2 Nc6 15.
b4 a5 16. b5 Bxa3 17. bxc6 Bxc1 18. Qxc1 Rxc6 19. Bb5 Rc8 20. Qa3 Qb6 21. Ba4
Bd3 22. Nxd5 exd5 23. Qxd3 Qb2 24. Nf3 Rc1 25. Rxc1 Qxc1+ 26. Kh2 Rc8 27. Qf5
Rf8 28. Qxd5 Qe1 29. Bb3 Qxf2 30. Ng5 h6 31. Nf3 Qxe3 32. Qxb7 Kh7 33. Qd5 Qe8
34. Qxa5 f5 35. Bc2 Qh5+ 36. Nh4 Kh8 37. Qc5 Rf6 38. Qc8+ Kh7 39. Bxf5+ g6 40.
Qd7+ Kg8 41. Qe8+ Kg7 42. Qe7+ Rf7 43. Qxf7+ Kxf7 44. Bxg6+ Qxg6 45. Nxg6 Kxg6
46. Kh3 1-0

[Event "5e Tournoi Estival"]
[Site "Sanary sur Mer"]
[Date "2013.08.27"]
[Round "2.4"]
[White "Tenninger, Marc"]
[Black "Eisenberg, Philippe"]
[Result "1-0"]
[WhiteElo "1855"]
[BlackElo "1640"]
[PlyCount "47"]
[EventDate "2013.08.27"]
[SourceDate "2013.08.27"]

1. d4 f5 2. Nf3 Nf6 3. Bg5 b6 4. Bxf6 exf6 5. Nbd2 Be7 6. e3 O-O 7. Bd3 f4 8.
exf4 Re8 9. O-O Bb7 10. Nh4 Bf8 11. Qh5 g6 12. Qg4 Re7 13. Nf5 Rf7 14. h4 Kh8
15. Ne3 Bh6 16. Rfe1 Nc6 17. c3 f5 18. Qg3 Qf6 19. Nf3 Qd6 20. Ng5 Re7 21. Re2
Bxg5 22. hxg5 Rae8 23. Rae1 Re6 24. d5 1-0

[Event "5e Tournoi Estival"]
[Site "Sanary sur Mer"]
[Date "2013.08.27"]
[Round "2.5"]
[White "Salvi, Michel"]
[Black "Mirabel, Marcel"]
[Result "0-1"]
[WhiteElo "1583"]
[BlackElo "1795"]
[PlyCount "65"]
[EventDate "2013.08.27"]
[SourceDate "2013.08.27"]

1. e4 c5 2. Nf3 Nc6 3. d4 cxd4 4. Nxd4 e5 5. Nb5 d6 6. N1c3 a6 7. Na3 b5 8. Nd5
Be7 9. Be3 Rb8 10. Be2 f5 11. exf5 Bxf5 12. O-O Nf6 13. Nxf6+ Bxf6 14. Qd5 Ne7
15. Qb3 Qc8 16. Rad1 Be6 17. Qb4 d5 18. Bc5 Nc6 19. Qb3 d4 20. Bh5+ g6 21. Qf3
Bg7 22. Rfe1 b4 23. Nc4 Bxc4 24. Bxd4 gxh5 25. Qxh5+ Bf7 26. Qg5 Rg8 27. Bc5
Rb5 28. Qe3 Qf5 29. Rd6 Qc8 30. Bb6 Bf8 31. Rd2 Qb7 32. Bd4 Nxd4 33. Rf1 0-1

[Event "5e Tournoi Estival"]
[Site "Sanary sur Mer"]
[Date "2013.08.28"]
[Round "3.1"]
[White "Mirabel, Marcel"]
[Black "Petrossian, Armen"]
[Result "0-1"]
[WhiteElo "1795"]
[BlackElo "2393"]
[PlyCount "126"]
[EventDate "2013.08.27"]
[SourceDate "2013.08.27"]

1. e4 c6 2. d4 d5 3. exd5 cxd5 4. c4 Nf6 5. Nc3 Nc6 6. Be3 Bg4 7. f3 Be6 8. c5
Bd7 9. Bb5 Qc7 10. Bxc6 bxc6 11. b4 e5 12. Nge2 Be7 13. O-O O-O 14. Qd2 Rfe8
15. dxe5 Qxe5 16. Bf4 Qh5 17. a3 h6 18. Bg3 Qg5 19. Qxg5 hxg5 20. Rad1 a5 21.
Ra1 Nh5 22. Bf2 Bf6 23. Bd4 axb4 24. axb4 Rab8 25. Rfb1 Bxd4+ 26. Nxd4 Re3 27.
Nce2 Nf4 28. Nxf4 gxf4 29. Ra7 Rd3 30. Rxd7 Rxd4 31. Rc7 Rdxb4 32. Rxb4 Rxb4
33. Rc8+ Kh7 34. Rxc6 Rb1+ 35. Kf2 Rb2+ 36. Kf1 Rc2 37. Rc8 Kg6 38. c6 Kf6 39.
c7 g5 40. Rd8 Rxc7 41. Rxd5 Rc1+ 42. Kf2 Rh1 43. h3 Rc1 44. Ke2 Kg6 45. Rd6+
Kh5 46. Rf6 Rc2+ 47. Kf1 Kh4 48. Rxf7 Kg3 49. Rg7 Rf2+ 50. Ke1 Rxg2 51. Rxg5+
Kxf3 52. h4 Rh2 53. h5 Rh1+ 54. Kd2 Kf2 55. Kd3 f3 56. Rf5 Rh4 57. Ra5 Kg2 58.
Ke3 Rg4 59. Ra2+ Kg3 60. Rf2 Rf4 61. h6 Rf7 62. h7 Re7+ 63. Kd3 Rxh7 0-1

[Event "5e Tournoi Estival"]
[Site "Sanary sur Mer"]
[Date "2013.08.28"]
[Round "3.2"]
[White "Bonnafous, Michel"]
[Black "Derige Kane, Yan"]
[Result "1-0"]
[WhiteElo "2069"]
[BlackElo "1646"]
[PlyCount "89"]
[EventDate "2013.08.27"]
[SourceDate "2013.08.27"]

1. e4 e5 2. Nc3 Nf6 3. Bc4 Bc5 4. d3 d6 5. Nf3 Bg4 6. h3 Bh5 7. Na4 Bb6 8. Nxb6
axb6 9. c3 O-O 10. g4 Bg6 11. Bg5 h6 12. Bh4 c6 13. Bb3 Re8 14. Rg1 d5 15. g5
hxg5 16. Rxg5 Nbd7 17. Rxg6 fxg6 18. exd5 Nc5 19. dxc6+ Nxb3 20. Qxb3+ Qd5 21.
Qxd5+ Nxd5 22. cxb7 Rab8 23. Ng5 Nf4 24. O-O-O Rxb7 25. Kc2 Rd7 26. Bg3 Red8
27. d4 b5 28. Re1 b4 29. Rxe5 Nh5 30. Ne6 Ra8 31. Nc5 Rf7 32. Kb3 bxc3 33. bxc3
Rb8+ 34. Kc4 Nxg3 35. fxg3 Rf3 36. Rg5 Kh7 37. a4 Re8 38. a5 Ree3 39. Na4 Rxg3
40. Rxg3 Rxg3 41. a6 Rg5 42. d5 Re5 43. a7 Re4+ 44. Kb5 Re8 45. Nb6 1-0

[Event "5e Tournoi Estival"]
[Site "Sanary sur Mer"]
[Date "2013.08.28"]
[Round "3.3"]
[White "Feraud, Guillaume"]
[Black "Tenninger, Marc"]
[Result "1/2-1/2"]
[WhiteElo "1734"]
[BlackElo "1855"]
[PlyCount "109"]
[EventDate "2013.08.27"]
[SourceDate "2013.08.27"]

1. c4 c6 2. d4 d5 3. Nc3 Nf6 4. f3 Bf5 5. e3 e6 6. Bd3 Bxd3 7. Qxd3 Be7 8. Nge2
Nbd7 9. O-O O-O 10. b3 Qc7 11. e4 dxc4 12. bxc4 Rfd8 13. Bf4 Qc8 14. e5 Nh5 15.
Qe4 Nxf4 16. Nxf4 Nb6 17. c5 Nd5 18. Nfxd5 cxd5 19. Qc2 b6 20. cxb6 axb6 21.
Rab1 Qc4 22. Qd2 Bb4 23. Rb3 Rdc8 24. Rc1 Rc6 25. Qe3 Ba5 26. Ne2 Qa4 27. Nc3
Bxc3 28. Rbxc3 Rc4 29. Rxc4 dxc4 30. d5 exd5 31. e6 fxe6 32. Qxe6+ Kh8 33. Qxd5
b5 34. Rb1 Qxa2 35. Qxb5 Qa7+ 36. Qb6 Qxb6+ 37. Rxb6 Rc8 38. Rb1 Kg8 39. Kf2
Kf7 40. Ke3 Ke6 41. Ke4 c3 42. Rc1 Rd8 43. g3 Rd2 44. h4 c2 45. Ke3 Rg2 46. g4
Kd5 47. Kd3 Rh2 48. Rxc2 Rxh4 49. Rc7 g6 50. Ke3 Rh1 51. Kf4 h6 52. Re7 Kd6 53.
Rg7 g5+ 54. Kf5 Rh3 55. Ke4 1/2-1/2

[Event "5e Tournoi Estival"]
[Site "Sanary sur Mer"]
[Date "2013.08.28"]
[Round "4.4"]
[White "Catot, Olivier"]
[Black "Clement, Olivier"]
[Result "1/2-1/2"]
[WhiteElo "1557"]
[BlackElo "2064"]
[PlyCount "120"]
[EventDate "2013.08.27"]
[SourceDate "2013.08.27"]

1. d4 Nf6 2. Nf3 c5 3. e3 e6 4. Bd3 cxd4 5. exd4 b6 6. Nbd2 Bb7 7. c3 Be7 8.
Qe2 d6 9. O-O O-O 10. a4 a6 11. Re1 Nbd7 12. Nf1 Re8 13. Ng3 Qb8 14. Bd2 Qa7
15. Ng5 Nf8 16. N5e4 Nxe4 17. Nxe4 Rad8 18. Rad1 Qa8 19. Bc2 f5 20. Ng5 Bxg2
21. f3 Bxg5 22. Qxg2 Bxd2 23. Rxd2 Qd5 24. Rde2 Ng6 25. Qg3 Re7 26. h4 Rde8 27.
h5 Nf8 28. Qf4 Rf7 29. Kf2 b5 30. axb5 axb5 31. b3 Rf6 32. Qg5 h6 33. Qf4 Nd7
34. Bd3 Nb6 35. Re3 Rd8 36. R1e2 Qxb3 37. Bc2 Qd5 38. Qh4 Nc4 39. Rxe6 Rxe6 40.
Rxe6 Qxe6 41. Qxd8+ Kh7 42. Qh4 d5 43. Qf4 Nd6 44. Qe5 Qxe5 45. dxe5 Nc4 46.
Bxf5+ Kg8 47. Be6+ Kf8 48. Bxd5 Nxe5 49. Ke3 Ke7 50. Ke4 Kd6 51. Bb3 Nd7 52.
Kf5 Nf6 53. Kg6 Ke5 54. Kxg7 Nxh5+ 55. Kxh6 Nf4 56. Kg5 Ne2 57. c4 bxc4 58.
Bxc4 Nd4 59. f4+ Ke4 60. Ba6 Nf3+ 1/2-1/2

[Event "5e Tournoi Estival"]
[Site "Sanary sur Mer"]
[Date "2013.08.28"]
[Round "3.5"]
[White "Salvi, Michel"]
[Black "Fayette, Sylvain"]
[Result "1-0"]
[WhiteElo "1583"]
[BlackElo "1976"]
[PlyCount "34"]
[EventDate "2013.08.27"]
[SourceDate "2013.08.27"]

1. e4 c5 2. Nf3 e6 3. d4 cxd4 4. Qxd4 Nc6 5. Qe3 Nf6 6. c4 Nb4 7. Qe2 Bc5 8. h3
d5 9. cxd5 O-O 10. Nc3 exd5 11. e5 Bf5 12. exf6 Nc2+ 13. Kd1 Nxa1 14. Qe5 Bc2+
15. Kd2 d4 16. Nd5 Qa5+ 17. Ke2 d3# 1-0

[Event "5e Tournoi Estival"]
[Site "Sanary sur Mer"]
[Date "2013.08.29"]
[Round "4.1"]
[White "Petrossian, Armen"]
[Black "Bonnafous, Michel"]
[Result "1/2-1/2"]
[WhiteElo "2393"]
[BlackElo "2069"]
[PlyCount "73"]
[EventDate "2013.08.27"]
[SourceDate "2013.08.27"]

1. e4 g6 2. d4 Bg7 3. Nc3 c6 4. Bc4 d5 5. exd5 b5 6. Bb3 b4 7. Nce2 cxd5 8. a3
bxa3 9. Rxa3 Nf6 10. Nf3 O-O 11. O-O e6 12. Bf4 Ne4 13. Qc1 Na6 14. Bh6 Rb8 15.
Ne5 Rb6 16. Ba4 Bxh6 17. Qxh6 Qg5 18. Qxg5 Nxg5 19. f3 f6 20. Nc6 Bb7 21. Nxa7
Nc7 22. Rb3 Rxb3 23. cxb3 e5 24. Rc1 Nge6 25. dxe5 fxe5 26. Nb5 Nxb5 27. Bxb5
Rd8 28. b4 Rd6 29. Ba4 Kf8 30. Nc3 Ke7 31. Rd1 d4 32. Ne2 Bd5 33. b3 Bb7 34.
Nc1 Nf4 35. Nd3 Nxd3 36. Rxd3 Rb6 37. f4 1/2-1/2

[Event "5e Tournoi Estival"]
[Site "Sanary sur Mer"]
[Date "2013.08.29"]
[Round "4.2"]
[White "Tenninger, Marc"]
[Black "Catot, Olivier"]
[Result "1-0"]
[WhiteElo "1855"]
[BlackElo "1577"]
[PlyCount "49"]
[EventDate "2013.08.27"]
[SourceDate "2013.08.27"]

1. d4 Nf6 2. Nf3 e6 3. e3 d5 4. Bd3 c5 5. b3 Bd7 6. O-O Qb6 7. Nbd2 Nc6 8. Bb2
Nb4 9. Be2 Rc8 10. c3 Na6 11. Ne5 Bc6 12. f4 Ne4 13. Nxe4 dxe4 14. f5 exf5 15.
Rxf5 Bd5 16. c4 Be6 17. Rf4 g6 18. d5 Bh6 19. dxe6 Bxf4 20. exf7+ Ke7 21. Qd7+
Kf6 22. Ng4+ Kg5 23. exf4+ Kh4 24. Qe7+ Kh5 25. Qg5# 1-0

[Event "5e Tournoi Estival"]
[Site "Sanary sur Mer"]
[Date "2013.08.29"]
[Round "4.3"]
[White "Menardo, Philippe"]
[Black "Feraud, Guillaume"]
[Result "0-1"]
[WhiteElo "1671"]
[BlackElo "1734"]
[PlyCount "48"]
[EventDate "2013.08.27"]
[SourceDate "2013.08.27"]

1. d4 Nf6 2. Nf3 d5 3. h3 e6 4. Bg5 Be7 5. e3 O-O 6. Bd3 c5 7. c3 b6 8. Nbd2
Bb7 9. Ne5 Nfd7 10. Bxe7 Qxe7 11. Ndf3 f6 12. Nxd7 Nxd7 13. Qc2 g6 14. h4 e5
15. dxe5 fxe5 16. Ng5 e4 17. Be2 Ne5 18. c4 h6 19. Nh3 d4 20. exd4 cxd4 21. Qd2
e3 22. Qxd4 exf2+ 23. Kf1 Rad8 24. Qe3 Nf3 0-1

[Event "5e Tournoi Estival"]
[Site "Sanary sur Mer"]
[Date "2013.08.29"]
[Round "4.5"]
[White "Clement, Olivier"]
[Black "Eisenberg, Philippe"]
[Result "1-0"]
[WhiteElo "2064"]
[BlackElo "1640"]
[PlyCount "43"]
[EventDate "2013.08.27"]
[SourceDate "2013.08.27"]

1. e4 e5 2. Nf3 Nc6 3. Bb5 a6 4. Ba4 Nf6 5. O-O d6 6. d4 b5 7. dxe5 Bg4 8. Bxb5
axb5 9. exf6 Qxf6 10. Qd5 Ra6 11. Qxb5 Rb6 12. Qg5 Qe6 13. Qe3 Rb4 14. Nc3 h5
15. a3 Rb7 16. Nd4 Nxd4 17. Qxd4 Qg6 18. Qa4+ Kd8 19. Qa8+ Kd7 20. Qxb7 Bf3 21.
Qb5+ Kd8 22. Qg5+ 1-0

[Event "5e Tournoi Estival"]
[Site "Sanary sur Mer"]
[Date "2013.08.29"]
[Round "4.5"]
[White "Fayette, Sylvain"]
[Black "Vincken Vasquez, Dimaryk"]
[Result "1/2-1/2"]
[WhiteElo "1976"]
[BlackElo "1600"]
[PlyCount "139"]
[EventDate "2013.08.27"]
[SourceDate "2013.08.27"]

1. d4 d5 2. c4 c6 3. Nf3 Nf6 4. cxd5 cxd5 5. Qb3 Nbd7 6. Nc3 e6 7. Bf4 Qb6 8.
Nb5 Qa5+ 9. Nd2 e5 10. Bxe5 Nxe5 11. dxe5 Ne4 12. Qxd5 Bb4 13. Nd6+ Nxd6 14.
Qxa5 Bxa5 15. exd6 Bf5 16. f3 Rd8 17. e4 Rxd6 18. O-O-O Be6 19. b3 Ke7 20. Nc4
Rxd1+ 21. Kxd1 Rd8+ 22. Kc2 Bxc4 23. bxc4 Rd2+ 24. Kb3 Kd6 25. f4 f6 26. g3 Kc5
27. e5 fxe5 28. fxe5 g5 29. e6 Kd6 30. Bh3 Rd4 31. Bf5 h5 32. h3 Ke7 33. h4
gxh4 34. gxh4 Rf4 35. Bg6 Kxe6 36. Bxh5 Bd8 37. Rd1 Bxh4 38. Be8 Ke7 39. Bb5
Ke6 40. c5 Bf2 41. Bc4+ Ke5 42. Kb4 Rd4 43. Rh1 Rd2 44. Rh7 Rb2+ 45. Bb3 a5+
46. Kc3 Bd4+ 47. Kc4 a4 48. Re7+ Kf6 49. Rxb7 axb3 50. axb3 Be5 51. Kd5 Rd2+
52. Kc6 Ke6 53. b4 Rb2 54. b5 Bd4 55. Rh7 Rc2 56. Rh5 Be5 57. b6 Bg3 58. Rh8
Bf2 59. Rh5 Bg3 60. Rg5 Rc3 61. Rg6+ Ke7 62. Rxg3 Rxg3 63. b7 Rb3 64. Kc7 Ke6
65. c6 Kd5 66. Kd7 Rb6 67. b8=Q Rxb8 68. c7 Rb7 69. Kd8 Rxc7 70. Kxc7 1/2-1/2

[Event "5e Tournoi Estival"]
[Site "Sanary sur Mer"]
[Date "2013.08.29"]
[Round "5.2"]
[White "Bonnafous, Michel"]
[Black "Tenninger, Marc"]
[Result "1-0"]
[WhiteElo "2069"]
[BlackElo "1855"]
[PlyCount "51"]
[EventDate "2013.08.27"]
[SourceDate "2013.08.27"]

1. g3 d5 2. f4 Nf6 3. Bg2 Bf5 4. d3 e6 5. Nf3 Nbd7 6. O-O Bc5+ 7. e3 O-O 8. Nc3
c6 9. Kh1 Qc7 10. Qe1 h6 11. e4 dxe4 12. dxe4 Bh7 13. a3 Bb6 14. h3 Nc5 15. Nh2
Rad8 16. g4 g6 17. Qh4 Kg7 18. f5 Ng8 19. Bxh6+ Nxh6 20. f6+ Kh8 21. Qxh6 Rg8
22. g5 Rd2 23. Rad1 Rxc2 24. Qh4 Rxb2 25. Rf4 Rd8 26. Qh6 1-0

[Event "5e Tournoi Estival"]
[Site "Sanary sur Mer"]
[Date "2013.08.29"]
[Round "5.3"]
[White "Derige Kane, Yan"]
[Black "Clement, Olivier"]
[Result "0-1"]
[WhiteElo "2064"]
[BlackElo "1646"]
[PlyCount "74"]
[EventDate "2013.08.27"]
[SourceDate "2013.08.27"]

1. d4 Nf6 2. c4 c5 3. d5 e6 4. Nc3 exd5 5. cxd5 d6 6. e4 g6 7. Nf3 Bg7 8. Bd3
O-O 9. O-O Re8 10. Re1 a6 11. a4 Bg4 12. h3 Bxf3 13. Qxf3 Nbd7 14. Bf4 Ne5 15.
Qd1 Qe7 16. Bh2 Nxd3 17. Qxd3 Nd7 18. f4 Bd4+ 19. Kf1 Qf6 20. Qf3 Rab8 21. a5
b5 22. axb6 Rxb6 23. Qd3 Rxb2 24. Nd1 Rxg2 25. Kxg2 Bxa1 26. Qxa6 Bd4 27. Bg3
Qe7 28. Nf2 Nf6 29. Bh4 Bxf2 30. Bxf2 Nxe4 31. Qa4 f5 32. Bh4 Qf7 33. Bg5 Rb8
34. Bh6 Qxd5 35. Qa7 Rb2+ 36. Kf1 Ng3+ 37. Kg1 Rg2# 0-1

[Event "5e Tournoi Estival"]
[Site "Sanary sur Mer"]
[Date "2013.08.29"]
[Round "5.5"]
[White "Banuls, Adrien"]
[Black "Catot, Olivier"]
[Result "1-0"]
[WhiteElo "1929"]
[BlackElo "1557"]
[PlyCount "91"]
[EventDate "2013.08.27"]
[SourceDate "2013.08.27"]

1. e4 e6 2. d4 d5 3. e5 c5 4. c3 Bd7 5. Nf3 Qb6 6. Qb3 Nc6 7. Be3 Na5 8. Qxb6
axb6 9. Nbd2 f6 10. Be2 fxe5 11. Nxe5 Nf6 12. O-O Nc6 13. f4 Be7 14. Nxd7 Kxd7
15. g4 h5 16. gxh5 Nxh5 17. Bb5 Bd6 18. f5 e5 19. Nf3 e4 20. Ne5+ Kc7 21. Nf7
Rh7 22. Ng5 Rhh8 23. Ne6+ Kd7 24. dxc5 bxc5 25. Nxc5+ Kc7 26. Ne6+ Kd7 27. a4
Nf6 28. Bf4 Ng4 29. Rad1 Nxh2 30. Rxd5 Nf3+ 31. Rxf3 exf3 32. Nc5+ Kc7 33. Rxd6
Kb6 34. Nd7+ Kc7 35. Rd3+ Kd8 36. Nb6+ Ke7 37. Nxa8 Rxa8 38. Kf2 Kf6 39. Kxf3
Kxf5 40. Bxc6 bxc6 41. b3 g5 42. Bg3 Re8 43. a5 Ra8 44. b4 Ra7 45. Rd4 c5 46.
Rd5+ 1-0

[Event "5e Tournoi Estival"]
[Site "Sanary sur Mer"]
[Date "2013.08.29"]
[Round "5.4"]
[White "Mirabel, Marcel"]
[Black "Fayette, Sylvain"]
[Result "0-1"]
[WhiteElo "1795"]
[BlackElo "1976"]
[PlyCount "88"]
[EventDate "2013.08.27"]
[SourceDate "2013.08.27"]

1. e4 e6 2. d4 d5 3. e5 c5 4. c3 Nc6 5. Nf3 Nge7 6. Be3 cxd4 7. cxd4 Nf5 8. Nc3
Be7 9. Rc1 f6 10. Bd3 Nxe3 11. fxe3 f5 12. Qe2 Bd7 13. a3 Rc8 14. Nd2 O-O 15.
O-O Be8 16. Nb3 Bg5 17. Nb5 Bh6 18. Nd6 Rc7 19. Nc5 Qe7 20. Rc3 Nd8 21. Bb5 b6
22. Nxe8 Rxe8 23. Bxe8 bxc5 24. Ba4 c4 25. Rf3 Rb7 26. Rf2 Nf7 27. b4 a5 28.
bxa5 Ng5 29. Bc2 Qc7 30. h4 Nf7 31. g4 g6 32. gxf5 exf5 33. Rg2 Nxe5 34. dxe5
Qxe5 35. a6 Ra7 36. Qe1 Bg7 37. Qg3 Qxg3 38. Rxg3 Bxc3 39. Bxf5 Rxa6 40. e4
Bd4+ 41. Kf1 Kf7 42. Bd7 c3 43. Rg2 Rxa3 44. exd5 Ra1+ 0-1

[Event "5e Tournoi Estival"]
[Site "Sanary sur Mer"]
[Date "2013.08.29"]
[Round "5.1"]
[White "Feraud, Guillaume"]
[Black "Petrossian, Armen"]
[Result "0-1"]
[WhiteElo "1734"]
[BlackElo "2393"]
[PlyCount "150"]
[EventDate "2013.08.27"]
[SourceDate "2013.08.27"]

1. c4 e5 2. Nc3 Nf6 3. Nf3 Nc6 4. d4 exd4 5. Nxd4 Be7 6. e4 d6 7. Be2 O-O 8.
O-O Re8 9. Be3 Bf8 10. f3 Ne5 11. Rc1 c6 12. b3 h6 13. Qd2 Bd7 14. g4 Nh7 15.
Bf2 Be7 16. Kg2 Ng6 17. Bg3 Bg5 18. f4 Bh4 19. Nf5 Bxf5 20. gxf5 Ngf8 21. Bxh4
Qxh4 22. Qxd6 Nf6 23. Qd4 N8h7 24. h3 Rad8 25. Qe3 Nf8 26. e5 g5 27. Qf2 Qxf2+
28. Kxf2 N6d7 29. fxg5 Rxe5 30. Bg4 hxg5 31. Rfe1 Rde8 32. Rxe5 Nxe5 33. Rc2
Nd3+ 34. Kf1 Re1+ 35. Kg2 Re3 36. Kh2 Ne5 37. Nd1 Re1 38. Nf2 Nfd7 39. Kg2 Kf8
40. Re2 Rxe2 41. Bxe2 Ke7 42. Ne4 f6 43. Kf2 Nf7 44. Ke3 Nd6 45. Ng3 b6 46. Kd4
c5+ 47. Kd5 Ne5 48. Bg4 Nd3 49. a3 Kd7 50. Nh5 Ne8 51. Ke4 Ne1 52. Bd1 Ng2 53.
b4 Nd6+ 54. Kd3 Ke7 55. Bg4 Kf7 56. Ng3 Nf4+ 57. Kc3 Ke7 58. bxc5 bxc5 59. Kb3
Nd3 60. Nf1 Kd7 61. Ne3 Nf4 62. Ka4 Kc6 63. Ka5 Nc8 64. Ka6 Kc7 65. Kb5 Kd6 66.
Ka6 Ke5 67. Kb7 Nd6+ 68. Kc6 Ne4 69. Nd5 Nxd5 70. cxd5 c4 71. Bd1 c3 72. a4 Nd6
73. Bc2 Nxf5 74. Kc5 Ne3 75. d6 Nxc2 0-1